|
|
|
|
| LEADER |
00000nsc a2200000 a 4500 |
| 001 |
si10141 |
| 005 |
20230308221103.0 |
| 008 |
015050|2014 ||||||||r|||||||||||spa|| |
| 020 |
|
|
|a 9789942955098
|
| 040 |
|
|
|b spa
|
| 041 |
1 |
|
|a spa
|
| 082 |
0 |
|
|a 986.6
|
| 245 |
|
|
|a Guaranda: lugares y memorias
|c Ana María Guerrón y Sara Terán
|h imp
|
| 264 |
|
|
|a Quito
|b Instituto Nacional de Patrimonio Cultural
|c 2014
|
| 300 |
|
|
|a 122 páginas:
|b ilu
|c 20.5 cm
|
| 490 |
|
|
|a Estudios
|
| 500 |
|
|
|a http://mail.inpc.gob.ec/pdfs/Publicaciones/guarandalugaresymemorias.pdf
|
| 504 |
|
|
|a incl. ref.
|
| 520 |
3 |
|
|a Se trata de una investigación que describe con detalle y desde un punto de vista etnográfico los espacios públicos importantes para la memoria colectiva de Guaranda. Además, el estudio recoge las narrativas que perduran en el imaginario guarandeño y que dan cuenta de los usos sociales particulares que cada generación transfiere a los lugares cotidianos de la ciudad.
|
| 653 |
|
|
|a HISTORIA
|
| 650 |
|
|
|a Guaranda
|9 188968
|
| 650 |
|
|
|a Patrimonio cultural
|9 2419
|
| 650 |
|
|
|a Identidad
|9 1958
|
| 650 |
|
|
|a Tradicion oral
|9 64909
|
| 650 |
|
|
|a Patrimonio cultural inmaterial
|9 189643
|
| 700 |
1 |
|
|a Guerrón, Ana María
|9 305646
|
| 700 |
1 |
|
|a Terán, Sara
|9 305647
|
| 852 |
|
|
|a UC-CDJBV
|c TERCER PISO
|f Donación
|k margarita.gutierrez
|l 1
|m General
|p 20150504
|q 5.00
|r 2
|t si10141
|b 0
|d CDRC
|e CDRC
|g 986.6 TERCER PISO
|z 2015-50-50
|
| 856 |
|
|
|a http://sibuc.ucuenca.edu.ec/portada/si10141.jpg
|
| 942 |
|
|
|
| 999 |
|
|
|c 135781
|d 135781
|